Score 0/55 Timer 07:00
0 Plays Today
% Correct
Gabriella Montez
90.3%
Troy Bolton
90.3%
Sharpay Evans
89.7%
Coach Jack Bolton
89.5%
Chad Danforth
87.9%
Ryan Evans
86.8%
Taylor McKessie
83.7%
Kelsi Nielsen
83.3%
Zeke Baylor
82.4%
Martha Cox
73.2%
Shane Gray
72.5%
Mitchie Torres
71.4%
Nate Gray
69.2%
Connie Torres
68.4%
Caitlyn Gellar
67.5%
Jason Gray
67%
Alex Russo
66.6%
Justin Russo
65.1%
Max Russo
65.1%
Kim Possible
64.8%
Evie
64.4%
Tess Tyler
64.4%
Jerry Russo
64.2%
Evil Queen
63.5%
Theresa Russo
63.5%
Mal
61.8%
Jafar
61.8%
Cruella de Vil
61.5%
% Correct
Carlos
61.1%
Jay
60.9%
Brady
59.3%
Ron Stoppable
58.5%
London Tipton
57.1%
Butchy
56.9%
Harper Finkle
56.5%
Ben
56%
Tanner
54.9%
Lela
54.3%
Zenon Kar
54.1%
Cheechee
52.5%
Chanel Simmons
50.1%
Aquanetta Walker
49.9%
Galleria Garibaldi
49.7%
Rufus
49.5%
Aggie Cromwell
49%
Marnie Piper
45.5%
Dorinda Thomas
45.1%
Shego
44.6%
Peggy Durpee
44.4%
McKenzie
44%
Ella Pador
40.4%
Gwen Piper
39.3%
Wade
39.3%
Nebula Wade
36.7%
Dr.Fusion
34.1%
Remove Ads.
Support Sporcle.
Get the best of Sporcle when you Go Orange. This ad-free experience offers more features, more stats, and more fun while also helping to support Sporcle. Thank you for becoming a member.

You're not logged in!

Compare scores with friends on all Sporcle quizzes.
OR
Log In

Sporcle TV

Today on Sporcle TV


Watch our educational content, quiz creation guides, and fun videos on Sporcle TV.

Show Comments

Extras

Top Quizzes Today


Score Distribution

Paid Content

Your Account Isn't Verified!

In order to create a playlist on Sporcle, you need to verify the email address you used during registration. Go to your Sporcle Settings to finish the process.

Report this User

Report this user for behavior that violates our Community Guidelines.

Details: